| 000 | 00356nab a2200133Ia 4500 | ||
|---|---|---|---|
| 003 | ES-SlBCS | ||
| 005 | 20210917132613.0 | ||
| 008 | 140529s1996 xxu||||| |||| 00| 0 spa d | ||
| 041 | _aspa | ||
| 100 | 1 |
_aHunt, Mary E. _946066 |
|
| 245 | 0 | 0 |
_aRemodelar el contragolpe _c Mary E. Hunt |
| 773 | 0 |
_tConcilium _gnº. 263, 1996, págs. 67-76 _wRev134 |
|
| 942 | _cAR | ||
| 999 |
_c632253 _d632253 |
||